| 000 | 00000nam##2200000za#4500 |
| 001 | 9.644027 |
| 003 | CaOODSP |
| 005 | 20250319165015 |
| 007 | cr ||||||||||| |
| 008 | 150407|2014||||xxc|||||o f|0| 0 fre|d |
| 020 | |a978-0-660-22996-6 |
| 040 | |aCaOODSP|bfre |
| 043 | |an-cn--- |
| 086 | 1 |aEm12-6/2014F-PDF |
| 110 | 1 |aCanada.|bEmploi et développement social Canada. |bLe Conseil national des aînés. |
| 245 | 10|aRapport sur l'isolement social des aînés 2013-2014 |h[ressource électronique] |
| 260 | |aGatineau - Québec : |bEmploi et Développement social Canada. |cc2014. |
| 300 | |a66p.|bfigures, graphiques |
| 590 | |a15-04|b2015-01-23 |
| 691 | 07|aAîné|2gcpds |
| 691 | 07|aQuestions sociales|2gcpds |
| 775 | 08|tReport on the social isolation of seniors 2013-2014 |w(CaOODSP)9.700124 |
| 856 | 40|ahttp://publications.gc.ca|qPDF|s1.25 Mo|uhttps://publications.gc.ca/collections/collection_2015/edsc-esdc/Em12-6-2014-fra.pdf |
| 986 | |aSSD-138-12-14 |